[Event "Crema op 09th"]
[Site "Crema"]
[Date "2007.09.08"]
[Round "4"]
[White "Pezzotta, Gianni"]
[Black "Calvi, Gianluca"]
[Result "0-1"]
[WhiteElo "1718"]
[BlackElo "1885"]
[PlyCount "86"]
[EventDate "2007.09.07"]
[EventType "swiss"]
[EventRounds "6"]
[EventCountry "ITA"]
[SourceTitle "EXT 2009"]
[Source "ChessBase"]
[SourceDate "2008.11.26"]
[SourceVersion "1"]
[SourceVersionDate "2008.11.26"]
[SourceQuality "1"]

1. Nf3 Nf6 2. d4 d6 3. Nbd2 c5 4. c3 Nc6 5. e4 cxd4 6. cxd4 e6 7. Bd3 Qc7 8. 0-0 Be7 9. a3 a5 10. Qe2 Bd7 11. b3 Rc8 12. Bb2 0-0 13. Rfc1 Qb8 14. e5 Nd5 15. Qe4 f5 16. Qe1 b5 17. g3 Nd8 18. Qe2 Nf7 19. Rab1 b4 20. Bc4 Nc3 21. Bxc3 bxc3 22. Nf1 d5 23. Ba6 Rc7 24. a4 Ba3 25. Qd1 Bxc1 26. Rxc1 Qb6 27. Bd3 Rb8 28. Bc2 Nd8 29. Ne3 Nc6 30. Ng2 Nb4 31. Nf4 Nxc2 32. Rxc2 Qxb3 33. Ne1 Qxa4 34. Qc1 Qb3 35. Nh5 Be8 36. Nf4 Bf7 37. Ne2 Rbc8 38. Nd3 Rb8 39. Nxc3 Qc4 40. Nc5 Rxc5 41. dxc5 Qxc5 42. Na4 Qf8 43. Nb6 Rd8 0-1

[Event "Crema op 09th"]
[Site "Crema"]
[Date "2007.09.07"]
[Round "1"]
[White "D'Apa, Matteo"]
[Black "Pezzotta, Gianni"]
[Result "1-0"]
[WhiteElo "2055"]
[BlackElo "1718"]
[PlyCount "85"]
[EventDate "2007.09.07"]
[EventType "swiss"]
[EventRounds "6"]
[EventCountry "ITA"]
[SourceTitle "EXT 2009"]
[Source "ChessBase"]
[SourceDate "2008.11.26"]
[SourceVersion "1"]
[SourceVersionDate "2008.11.26"]
[SourceQuality "1"]

1. d4 f5 2. c4 Nf6 3. Nc3 g6 4. Nf3 Bg7 5. g3 0-0 6. Bg2 d6 7. 0-0 Qe8 8. Re1 c6 9. d5 Na6 10. Nd4 Bd7 11. Rb1 Rb8 12. a3 Nc7 13. Bg5 Kh8 14. Qd2 Ng4 15. h3 Ne5 16. b3 Nf7 17. h4 Nxg5 18. hxg5 Rf7 19. e3 c5 20. Nde2 b5 21. Nf4 Rf8 22. Nxb5 Bxb5 23. cxb5 Rxb5 24. Ne6 Nxe6 25. dxe6 Qb8 26. Bd5 Rc8 27. Qd3 a5 28. a4 Rb4 29. Kg2 Rc7 30. Rh1 Qc8 31. Rh4 Rxh4 32. gxh4 h5 33. gxh6 Bxh6 34. Qc3+ Kh7 35. Qxa5 Qd8 36. b4 Qb8 37. bxc5 Qxb1 38. Qxc7 Qd1 39. Qxe7+ Bg7 40. Bf3 Qxa4 41. cxd6 Qb4 42. Qf7 Qxd6 43. e7 1-0

[Event "Crema op 09th"]
[Site "Crema"]
[Date "2007.09.07"]
[Round "2"]
[White "Pezzotta, Gianni"]
[Black "Oteri, Aldo"]
[Result "1-0"]
[WhiteElo "1718"]
[BlackElo "1957"]
[PlyCount "39"]
[EventDate "2007.09.07"]
[EventType "swiss"]
[EventRounds "6"]
[EventCountry "ITA"]
[SourceTitle "EXT 2009"]
[Source "ChessBase"]
[SourceDate "2008.11.26"]
[SourceVersion "1"]
[SourceVersionDate "2008.11.26"]
[SourceQuality "1"]

1. d4 Nf6 2. Nf3 d5 3. e3 e6 4. Bd3 c5 5. c3 Nc6 6. Nbd2 b6 7. 0-0 Bb7 8. Qe2 Be7 9. c4 cxd4 10. cxd5 dxe3 11. dxc6 exd2 12. cxb7 dxc1Q 13. Rfxc1 Rb8 14. Bb5+ Kf8 15. Ba6 Qd6 16. Rc8+ Bd8 17. Rac1 Nd7 18. Rd1 Qe7 19. Ne5 Nxe5 20. Qxe5 1-0

[Event "Crema op 04th"]
[Site "Crema"]
[Date "2002.09.08"]
[Round "6"]
[White "Pancioni, Marco"]
[Black "Pezzotta, Gianni"]
[Result "1-0"]
[WhiteElo "1500"]
[BlackElo "1380"]
[PlyCount "103"]
[EventDate "2002.09.06"]
[EventType "swiss"]
[EventRounds "6"]
[EventCountry "ITA"]
[SourceTitle "EXT 2007"]
[Source "ChessBase"]
[SourceDate "2006.11.23"]
[SourceVersion "1"]
[SourceVersionDate "2006.11.23"]
[SourceQuality "1"]

1. d4 f5 2. c4 Nf6 3. Nc3 g6 4. Nf3 Bg7 5. e3 c6 6. Be2 d6 7. 0-0 0-0 8. Bd2 Be6 9. Rc1 Bf7 10. Qb3 b5 11. Ng5 Qe8 12. d5 cxd5 13. cxd5 a6 14. Bf3 Nbd7 15. Ne2 h6 16. Ne6 Bxe6 17. dxe6 Nc5 18. Rxc5 dxc5 19. Bxa8 Qxa8 20. Nf4 Kh7 21. Bc3 c4 22. Qc2 Rd8 23. f3 Qb8 24. a4 Qd6 25. g4 Nd5 26. Rd1 Qc6 27. Nxd5 Rxd5 28. Rxd5 Qxd5 29. Bxg7 Kxg7 30. Qc3+ Kh7 31. Qd4 Qxe6 32. axb5 axb5 33. Kf2 fxg4 34. fxg4 Qf7+ 35. Qf4 Qxf4+ 36. exf4 b4 37. Ke3 c3 38. bxc3 b3 39. Kd2 b2 40. Kc2 b1Q+ 41. Kxb1 Kg7 42. Kc2 Kf6 43. Kd3 Ke6 44. Kd4 Kd6 45. c4 e6 46. c5+ Kd7 47. h4 Kc6 48. h5 gxh5 49. gxh5 Kd7 50. Ke5 Ke7 51. c6 Kd8 52. Kxe6 1-0

[Event "Crema op 04th"]
[Site "Crema"]
[Date "2002.09.08"]
[Round "5"]
[White "Pezzotta, Gianni"]
[Black "Gualtieri, Primo"]
[Result "0-1"]
[WhiteElo "1380"]
[BlackElo "1609"]
[PlyCount "76"]
[EventDate "2002.09.06"]
[EventType "swiss"]
[EventRounds "6"]
[EventCountry "ITA"]
[SourceTitle "EXT 2007"]
[Source "ChessBase"]
[SourceDate "2006.11.23"]
[SourceVersion "1"]
[SourceVersionDate "2006.11.23"]
[SourceQuality "1"]

1. d4 Nf6 2. c4 e6 3. Nc3 Bb4 4. Qc2 0-0 5. Bg5 d5 6. a3 Bxc3+ 7. bxc3 b6 8. Bxf6 Qxf6 9. e4 dxe4 10. Qxe4 c6 11. Bd3 Qg6 12. Qf3 Qg5 13. Nh3 Qf6 14. Qe4 g6 15. Qe3 Qg7 16. Kd2 Nd7 17. f4 Bb7 18. Be4 Nf6 19. Bf3 Rab8 20. Rab1 Rfd8 21. Rhg1 c5 22. Be2 Ne4+ 23. Kd3 cxd4 24. cxd4 Nc5+ 25. Kc3 Be4 26. Rbd1 Rd6 27. Ng5 Bc6 28. Nf3 Rbd8 29. Ne5 Nd7 30. Nxc6 Rxc6 31. Kb3 Rdc8 32. Rc1 Nf6 33. a4 Ne8 34. Bd3 Nd6 35. d5 exd5 36. Qd2 dxc4+ 37. Bxc4 Nxc4 38. Qd5 Qb2# 0-1

[Event "Crema op 04th"]
[Site "Crema"]
[Date "2002.09.06"]
[Round "2"]
[White "Pezzotta, Gianni"]
[Black "Torriani, Piergiorgio"]
[Result "1-0"]
[WhiteElo "1380"]
[BlackElo "1600"]
[PlyCount "73"]
[EventDate "2002.09.06"]
[EventType "swiss"]
[EventRounds "6"]
[EventCountry "ITA"]
[SourceTitle "EXT 2007"]
[Source "ChessBase"]
[SourceDate "2006.11.23"]
[SourceVersion "1"]
[SourceVersionDate "2006.11.23"]
[SourceQuality "1"]

1. d4 d5 2. c4 e6 3. cxd5 exd5 4. Nf3 Nf6 5. Nc3 c5 6. dxc5 Bxc5 7. Bg5 Qb6 8. e3 Bb4 9. Bxf6 Qxf6 10. Qc2 0-0 11. Be2 Nc6 12. Rd1 Be6 13. 0-0 Rfd8 14. Nd4 Nxd4 15. Rxd4 Bc5 16. Rf4 Qe5 17. Rh4 g6 18. Rd1 Be7 19. Rhd4 Rac8 20. Bg4 f5 21. Bf3 b5 22. Qb3 Bc5 23. Bxd5 Rd6 24. Bxe6+ Rxe6 25. Rd5 Qf6 26. Qxb5 Rb6 27. Qc4 Rbc6 28. Rd8+ Kg7 29. Qg8+ Kh6 30. Rxc8 a5 31. Rxc6 Qxc6 32. Qd5 Qc7 33. g3 Bb4 34. Qd8 Qc4 35. Rd4 Qf7 36. Rd7 Qe6 37. Qh4# 1-0